Estadística aplicada a través de Excel

Saved in:
书目详细资料
主要作者: Pérez López, César
格式: 图书
语言:西班牙语
出版: Madrid, España Pearson Educación 2002
版:Segunda edición
主题:
标签: 添加标签
没有标签, 成为第一个标记此记录!

MARC

LEADER 00000cam a2200000 a 4500
001 UCK2941
003 CL-VaPUC
005 20220105074327.0
008 050401e20020000SP |||||||||||||||||spa|d
999 |c 312330  |d 312328 
020 |a 8420535362 
040 |c Pontificia Universidad Católica de Valparaíso 
082 0 4 |a 519.5 PER 2002  |2 21 
100 0 |a Pérez López, César  |9 490969 
245 1 0 |a Estadística aplicada a través de Excel 
250 |a Segunda edición 
260 0 3 |a Madrid, España  |b Pearson Educación  |c 2002 
300 |a 596 páginas 
505 |a Incluye Cd-Rom 
583 |a last modification  |c 20180122 12:37:26  |k Rodrigo Vera 
650 0 |a Estadística matemática  |9 260028 
650 7 |a EXCEL  |2 CL-VaPUC  |9 397885 
650 0 |a Modelos matemáticos   |9 259437 
650 0 |a Software  |9 387312 
942 |c BK  |2 ddc 
945 |d 20050401 00:00:00  |a cmena 
952 |0 0  |1 0  |2 ddc  |4 0  |6 519_500000000000000_PER_2002  |7 0  |8 A  |9 382407  |a BIBING  |b BIBING  |d 2019-11-21  |i 410496K  |o 519.5 PER 2002  |p 410496K  |r 2025-01-20  |t 8  |w 2019-11-21  |y BK  |k TRA 
952 |0 0  |1 0  |2 ddc  |4 0  |6 519_500000000000000_PER_2002  |7 0  |8 A  |9 382408  |a BIBGIM  |b BIBGIM  |d 2019-11-21  |i 4142314  |o 519.5 PER 2002  |p 4142314  |r 2025-01-15  |t 2  |w 2019-11-21  |y BK  |k EST 
952 |0 0  |1 0  |2 ddc  |4 0  |6 519_500000000000000_PER_2002  |7 0  |8 A  |9 382409  |a BIBGIM  |b BIBGIM  |d 2019-11-21  |i 4168364  |o 519.5 PER 2002  |p 4168364  |r 2025-01-15  |t 3  |w 2019-11-21  |y BK  |k EST 
952 |0 0  |1 0  |2 ddc  |4 0  |6 519_500000000000000_PER_2002  |7 0  |8 A  |9 382410  |a BIBGIM  |b BIBGIM  |d 2019-11-21  |i 4168372  |o 519.5 PER 2002  |p 4168372  |r 2025-01-15  |t 4  |w 2019-11-21  |y BK  |k EST 
952 |0 0  |1 0  |2 ddc  |4 0  |6 519_500000000000000_PER_2002  |7 0  |8 A  |9 382411  |a BIBGIM  |b BIBGIM  |d 2019-11-21  |i 4204808  |o 519.5 PER 2002  |p 4204808  |r 2025-01-15  |t 5  |w 2019-11-21  |y BK  |k EST 
952 |0 0  |1 0  |2 ddc  |4 0  |6 519_500000000000000_PER_2002  |7 0  |8 A  |9 382412  |a BIBGIM  |b BIBGIM  |d 2019-11-21  |i 4287819  |o 519.5 PER 2002  |p 4287819  |r 2025-01-15  |t 6  |w 2019-11-21  |y BK  |k COM 
952 |0 0  |1 0  |2 ddc  |4 0  |6 519_500000000000000_PER_2002  |7 0  |8 A  |9 382413  |a BIBING  |b BIBING  |d 2019-11-21  |i 4310462  |o 519.5 PER 2002  |p 4310462  |r 2025-01-20  |t 9  |w 2019-11-21  |y BK  |k TRA 
952 |0 0  |1 0  |2 ddc  |4 0  |6 519_500000000000000_PER_2002  |7 0  |8 A  |9 382414  |a BIBCUR  |b BIBCUR  |d 2019-11-21  |i 438492K  |l 3  |o 519.5 PER 2002  |p 438492K  |r 2025-04-22  |s 2025-04-10  |t 1  |w 2019-11-21  |y BK  |k BIO 
952 |0 0  |1 0  |2 ddc  |4 0  |6 519_500000000000000_PER_2002  |7 0  |8 A  |9 382415  |a BIBGIM  |b BIBGIM  |d 2019-11-21  |i 443742K  |o 519.5 PER 2002  |p 443742K  |r 2025-01-15  |t 7  |w 2019-11-21  |y BK  |k COM 
952 |0 0  |1 0  |2 ddc  |3 erb  |4 0  |6 519_500000000000000_PER_2002  |7 0  |8 A  |9 382416  |a BIBING  |b BIBING  |i 5451957  |l 1  |o 519.5 PER 2002  |p 5451957  |r 2025-01-20  |s 2021-06-03  |t 10  |w 2019-11-21  |y BK  |z Catalogado en:20180302  |k CCI 
952 |0 0  |1 0  |2 ddc  |3 erb  |4 0  |6 519_500000000000000_PER_2002  |7 0  |8 A  |9 382417  |a BIBING  |b BIBING  |i 5451949  |o 519.5 PER 2002  |p 5451949  |r 2025-01-20  |t 11  |w 2019-11-21  |y BK  |z Catalogado en:20180302  |k CCI